Administrative reform in Greece, Italy, Portugal and Spain: Introduction (Record no. 94167)

000 -LEADER
fixed length control field 01060pab a2200169 454500
008 - FIXED-LENGTH DATA ELEMENTS--GENERAL INFORMATION
fixed length control field 180718b2011 xxu||||| |||| 00| 0 eng d
100 ## - MAIN ENTRY--PERSONAL NAME
Personal name Kickert, Walter
245 ## - TITLE STATEMENT
Title Administrative reform in Greece, Italy, Portugal and Spain: Introduction
260 ## - PUBLICATION, DISTRIBUTION, ETC.
Date of publication, distribution, etc. 2011
300 ## - PHYSICAL DESCRIPTION
Extent p.721-722.
520 ## - SUMMARY, ETC.
Summary, etc. This symposium present an overview of the state and administrative reforms in Southern Europe. The papers are written by scholars who are not only celebrated in their field, but also native to the country they write about. The report on Greece is by Dimitri A. Sotiropoulos and Calliope Spanou of Athens University. Edoards Ongaro of Bocconi University Milan reports on Italy. In the case of Portugal, the reporters is Jose Magone, himself Portuguese and now working at the Berlin School of Economics. Reform in Spain is covered by Carlos Alba and Carmen Navarro of the Autonomous University Madrid. - Reproduced.
650 ## - SUBJECT ADDED ENTRY--TOPICAL TERM
Topical term or geographic name entry element Public administration
650 ## - SUBJECT ADDED ENTRY--TOPICAL TERM
Topical term or geographic name entry element Administrative reform
773 ## - HOST ITEM ENTRY
Main entry heading Public Administration
908 ## - PUT COMMAND PARAMETER (RLIN)
Put command parameter N
909 ## -
-- 94167
Holdings
Withdrawn status Lost status Damaged status Not for loan Permanent Location Current Location Date acquired Serial Enumeration / chronology Barcode Date last seen Price effective from Koha item type
        Indian Institute of Public Administration Indian Institute of Public Administration 2018-07-19 Volume no: 89, Issue no: 3 AR94627 2018-07-19 2018-07-19 Articles

Powered by Koha